[Event "Vrsar Spring op"]
[Site "Vrsar"]
[Date "2024.04.01"]
[Round "7"]
[White "Cupic, Lovro"]
[Black "Staudner, Oliver"]
[Result "1/2-1/2"]
[WhiteElo "2208"]
[BlackElo "2386"]
[PlyCount "37"]
[EventDate "2024.04.01"]
[EventType "swiss"]
[EventRounds "9"]
[EventCountry "CRO"]
[SourceTitle "CB16_2024"]
[SourceDate "2024.04.17"]
[SourceVersion "1"]
[SourceVersionDate "2024.04.17"]
[SourceQuality "1"]

1. e4 e6 2. d4 d5 3. e5 c5 4. c3 Nc6 5. Nf3 Bd7 6. Be2 Nge7 7. Na3 Nf5 8. Nc2 cxd4 9. cxd4 Nb4 10. Nxb4 Bxb4+ 11. Kf1 Be7 12. g3 Qb6 13. a4 Rc8 14. h4 h5 15. Kg2 a5 16. Rb1 Qc6 17. b3 Qc2 18. Bd2 Qxd1 19. Rhxd1 1/2-1/2

[Event "Split op 12th"]
[Site "Split"]
[Date "2023.08.12"]
[Round "8"]
[White "Molenda, Marcin"]
[Black "Cupic, Lovro"]
[Result "1/2-1/2"]
[WhiteElo "2392"]
[BlackElo "2242"]
[PlyCount "53"]
[EventDate "2023.08.05"]
[EventType "swiss"]
[EventRounds "9"]
[EventCountry "CRO"]
[SourceTitle "CBM 215 Extra"]
[Source "ChessBase"]
[SourceDate "2023.09.30"]
[SourceVersion "1"]
[SourceVersionDate "2023.09.30"]
[SourceQuality "1"]

1. d4 d5 2. c4 e6 3. Nf3 Nf6 4. g3 Be7 5. Bg2 0-0 6. Nc3 Nbd7 7. Qd3 c5 8. 0-0 cxd4 9. Qxd4 e5 10. Nxe5 Bc5 11. Qf4 Bd6 12. Nxf7 Bxf4 13. Nxd8 Bxc1 14. Raxc1 Rxd8 15. cxd5 g5 16. f4 Ng4 17. Rf3 Nb6 18. h3 Nh6 19. e4 Bxh3 20. Bxh3 g4 21. Bxg4 Nxg4 22. Rd1 Nc4 23. b3 Nce3 24. Re1 Nc2 25. Rc1 Nce3 26. Re1 Nc2 27. Rc1 1/2-1/2

[Event "CRO-chT1B 30th"]
[Site "Porec"]
[Date "2022.09.25"]
[Round "2.35"]
[White "Cupic, Lovro"]
[Black "Zadravec, Matija"]
[Result "1/2-1/2"]
[WhiteElo "2216"]
[BlackElo "2250"]
[PlyCount "92"]
[EventDate "2022.09.24"]
[EventType "team-tourn"]
[EventRounds "9"]
[EventCountry "CRO"]
[SourceTitle "CBM 210 Extra"]
[Source "ChessBase"]
[SourceDate "2022.11.30"]
[SourceVersion "1"]
[SourceVersionDate "2022.11.30"]
[SourceQuality "1"]
[WhiteTeam "Sveta Nedelja"]
[BlackTeam "Mihovljan Sloboda"]
[WhiteTeamCountry "CRO"]
[BlackTeamCountry "CRO"]

1. e4 e5 2. Nf3 Nc6 3. Bb5 Nge7 4. c3 d5 5. Nxe5 dxe4 6. Qe2 Be6 7. Qxe4 Bd5 8. Qe2 Bxg2 9. Rg1 a6 10. Bxc6+ Bxc6 11. Nxc6 bxc6 12. d4 Qd6 13. Rg3 f6 14. Nd2 Kf7 15. Ne4 Qd5 16. Bd2 Nf5 17. Rd3 Re8 18. f3 Nd6 19. Re3 Be7 20. b3 f5 21. Nxd6+ Bxd6 22. 0-0-0 Rxe3 23. Qxe3 Re8 24. Qd3 c5 25. Qxa6 cxd4 26. Qd3 Ra8 27. Kb1 c5 28. h3 g6 29. cxd4 Be5 30. Bc3 cxd4 31. Bb2 Rc8 32. Rc1 Rxc1+ 33. Bxc1 Ke6 34. Kc2 Kf6 35. Qa6+ Kg7 36. Qd3 Qa5 37. a4 Qe1 38. Bb2 Qf2+ 39. Kb1 Kf6 40. Bc1 Qe1 41. a5 Qxa5 42. f4 Bd6 43. Qxd4+ Ke6 44. Bb2 Qe1+ 45. Ka2 Qa5+ 46. Kb1 Qe1+ 1/2-1/2

[Event "PNWCC vs Europe Hybrid 08"]
[Site "Chess.com INT"]
[Date "2022.08.22"]
[Round "7"]
[White "Cupic, Lovro"]
[Black "Krishnan, Varun"]
[Result "0-1"]
[WhiteElo "2244"]
[BlackElo "2237"]
[PlyCount "98"]
[EventDate "2022.08.19"]
[EventType "team-match"]
[EventRounds "8"]
[EventCountry "USA"]
[SourceTitle "EXT 2024"]
[Source "ChessBase"]
[SourceDate "2023.10.10"]
[SourceVersion "1"]
[SourceVersionDate "2023.10.10"]
[SourceQuality "1"]
[WhiteTeam "Europe"]
[BlackTeam "PNWCC"]
[BlackTeamCountry "USA"]

1. e4 c5 2. Nf3 d6 3. d4 cxd4 4. Nxd4 Nf6 5. Nc3 Nc6 6. Bg5 e6 7. Qd2 a6 8. 0-0-0 h6 9. Nxc6 bxc6 10. Bh4 Qa5 11. f4 Rb8 12. Kb1 Qb4 13. b3 Be7 14. Bd3 c5 15. Rhe1 c4 16. Bf1 a5 17. Qd4 cxb3 18. cxb3 Qxd4 19. Rxd4 Rb4 20. Bb5+ Bd7 21. Rxb4 axb4 22. Bxd7+ Kxd7 23. Na4 Rb8 24. g3 Rb5 25. Bxf6 Bxf6 26. Rd1 Ke7 27. Nb2 Rh5 28. h4 g5 29. hxg5 hxg5 30. Nc4 gxf4 31. gxf4 Rh4 32. e5 dxe5 33. fxe5 Bg5 34. a3 bxa3 35. Ka2 Re4 36. Rh1 Bf4 37. Rh5 Bc1 38. Rh2 Bb2 39. Rh5 Re2 40. Nxb2 axb2 41. b4 Kd7 42. Rh7 Rf2 43. Rh1 Kc6 44. Rh8 Kd5 45. b5 Rf4 46. Kxb2 Rb4+ 47. Kc3 Rxb5 48. Rh7 Rb7 49. Rh5 Rb1 0-1

[Event "Primorsko Ropotamo"]
[Site "Primorsko"]
[Date "2022.06.05"]
[Round "7"]
[White "Cupic, Lovro"]
[Black "Dimitrov, Atanas Valtchev"]
[Result "0-1"]
[WhiteElo "2271"]
[BlackElo "2250"]
[PlyCount "92"]
[EventDate "2022.06.01"]
[EventType "tourn"]
[EventRounds "9"]
[EventCountry "BUL"]
[SourceTitle "EXT 2023"]
[Source "ChessBase"]
[SourceDate "2022.10.05"]
[SourceVersion "1"]
[SourceVersionDate "2022.10.05"]
[SourceQuality "1"]

1. e4 d6 2. d4 Nf6 3. Nc3 e5 4. Nf3 Nbd7 5. Bc4 Be7 6. a4 0-0 7. 0-0 a6 8. Re1 b6 9. Bg5 Bb7 10. Qd2 c6 11. Rad1 b5 12. axb5 axb5 13. Bf1 Qc7 14. Qc1 b4 15. Nb1 Rfe8 16. c3 bxc3 17. Nxc3 Bf8 18. b4 Qb6 19. b5 exd4 20. Nxd4 c5 21. Nc6 Bxc6 22. bxc6 Qxc6 23. Bxf6 Nxf6 24. Bb5 Qb7 25. Bxe8 Rxe8 26. Qb1 Qa8 27. Nd5 Nxd5 28. Rxd5 g6 29. Qd3 Qa4 30. Kf1 c4 31. Qd1 Qc6 32. Qc2 c3 33. Rc1 Bg7 34. Qd3 Re6 35. f3 h5 36. g3 Qb6 37. Rb5 Qa7 38. Kg2 Re8 39. Qxd6 Qa2+ 40. Kh3 Qe2 41. Rb8 Rxb8 42. Qxb8+ Kh7 43. Qf4 Kg8 44. Ra1 c2 45. Ra7 Qc4 46. Rc7 Qe6+ 0-1

[Event "Solta op 4th"]
[Site "Grohote"]
[Date "2021.08.12"]
[Round "6"]
[White "Cupic, Lovro"]
[Black "Jausas Farre, Hector"]
[Result "1-0"]
[WhiteElo "2271"]
[BlackElo "2155"]
[PlyCount "81"]
[EventDate "2021.08.08"]
[EventType "swiss"]
[EventRounds "9"]
[EventCountry "CRO"]
[SourceTitle "CBM 203 Extra"]
[Source "ChessBase"]
[SourceDate "2021.09.30"]
[SourceVersion "1"]
[SourceVersionDate "2021.09.30"]
[SourceQuality "1"]

1. e4 c5 2. Nf3 d6 3. Nc3 Nf6 4. e5 dxe5 5. Nxe5 e6 6. g3 Nbd7 7. Nc4 Nb6 8. d3 Nxc4 9. dxc4 Qxd1+ 10. Kxd1 Bd7 11. Bg2 0-0-0 12. Ke2 h5 13. Bg5 Be7 14. a4 Bc6 15. Bxc6 bxc6 16. f3 a5 17. Be3 Kb7 18. Rad1 Kb6 19. Nb1 Nd7 20. Nd2 Ne5 21. h3 g5 22. f4 gxf4 23. gxf4 Ng6 24. Nb3 Nh4 25. Rxd8 Rxd8 26. Rd1 Rg8 27. Rd7 Nf5 28. Rxe7 Nxe7 29. Bxc5+ Ka6 30. Bxe7 Rg2+ 31. Kd1 Rg1+ 32. Kd2 Rg2+ 33. Kd3 Rg3+ 34. Kd4 Rxh3 35. Kc5 Rh2 36. Nd4 Kb7 37. Nxc6 h4 38. Nxa5+ Ka6 39. b4 h3 40. Bd8 Rxc2 41. Bb6 1-0

[Event "Chioggia op-A 14th"]
[Site "Chioggia"]
[Date "2019.10.06"]
[Round "5"]
[White "Basso, Pier Luigi"]
[Black "Cupic, Lovro"]
[Result "1-0"]
[WhiteElo "2575"]
[BlackElo "2252"]
[PlyCount "47"]
[EventDate "2019.10.04"]
[EventType "swiss"]
[EventRounds "5"]
[EventCountry "ITA"]
[SourceTitle "EXT 2022"]
[Source "ChessBase"]
[SourceDate "2021.10.06"]
[SourceVersion "1"]
[SourceVersionDate "2021.10.06"]
[SourceQuality "1"]

1. d4 d5 2. c4 e5 3. dxe5 d4 4. Nf3 Nc6 5. a3 Nge7 6. b4 Ng6 7. Bb2 Ncxe5 8. Nxe5 Nxe5 9. e3 Be6 10. Bxd4 Nxc4 11. Qc2 Nd6 12. Bd3 Qg5 13. f4 Qh4+ 14. g3 Qh3 15. Kf2 f5 16. Nc3 c6 17. Rae1 Kf7 18. e4 fxe4 19. Nxe4 Nxe4+ 20. Rxe4 Bd5 21. Bc4 Bd6 22. Bxd5+ cxd5 23. Qb3 Qh5 24. Be5 1-0